Statistics for Top 25 in the Eurovision Finals 2022

Click here to take the quiz!

General Stats

  • This quiz has been taken 40 times
  • The average score is 13 of 25

Answer Stats

PlaceCountryPoints Gained% Correct
1stUkraine631 Points
94%
2ndUnited Kingdom466 Points
94%
3rdSpain459 Points
81%
5thSerbia312 Points
69%
4thSweden438 Points
69%
25thGermany6 Points
63%
8thGreece215 Points
63%
7thMoldova253 Points
63%
24thFrance17 Points
56%
6thItaly268 Points
56%
9thPortugal207 Points
56%
21thFinland38 Points
50%
10thNorway182 Points
50%
20thArmenia61 Points
44%
16thAzerbaijan106 Points
44%
22thCzech Republic38 Points
44%
11thNetherlands171 Points
44%
17thSwitzerland78 Points
44%
14thLithuania128 Points
38%
18thRomania65 Points
38%
19thBelgium64 Points
31%
23thIceland20 Points
31%
12thPoland151 Points
31%
15thAustralia125 Points
25%
13thEstonia141 Points
25%

Score Distribution

Percentile by Number Answered

Percent of People with Each Score

Your Score History

You have not taken this quiz